Twenty One Pilots - Scaled And Icy Lyrics Quiz - Statistics

General Stats
  • This quiz has been taken 237 times
  • The average score is 8 of 11
Answer Stats
Lyrics Song % Correct
You'll be in and out, out, out man Bounce Man
100%
'Cause this went straight to voicemail Bounce Man
100%
I told you all along Bounce Man
100%
Got soldiers on my pedigree Bounce Man
100%
Nervous when I stand Choker
100%
Dry us in the sand Choker
100%
Lay the fibers side by side Choker
100%
And you'll begin to understand Choker
100%
I was born a choker Choker
100%
Self-sabotage is a sweet romance Choker
100%
It hurts a little less and you can even push it further in Choker
100%
When your body's screaming out Choker
100%
Trust your mind's listening Choker
100%
You are formidable to me Formidable
100%
'Cause you seem to know it where you wanna go Formidable
100%
But you should know I might bе clinical don't you tell Formidable
100%
Fast-forward 13 years now Formidable
100%
My sunshine Good Day
100%
It's a good day Good Day
100%
Today's a good day Good Day
100%
Keep your bliss Mulberry Street
100%
Welcome to Mulberry Street Mulberry Street
100%
We're pushing sideways Mulberry Street
100%
Ain't no sunny skies, 'til you finally realize Mulberry Street
100%
They're trying hard to weaponize Never Take It
100%
You and I, we'll never take it Never Take It
100%
Taught myself to play guitar, tearing it up Never Take It
100%
We come for you No Chances
100%
How did you get the location? No Chances
100%
Taking inventory of his life Redecorate
100%
Something told him he should look around and tidy up Redecorate
100%
Tried looking at it from a new perspective Redecorate
100%
I don't want to go like this Redecorate
100%
At least let me clean my room Redecorate
100%
I don't want to leave like this Redecorate
100%
'Cause the last thing I want to do is Redecorate
100%
Or redecorate? Redecorate
100%
She covers all the dents with the way she decorates Redecorate
100%
He says he likes an open schedule but he mostly hates it Redecorate
100%
Put your ear up to the door Redecorate
100%
Slow down on Monday Saturday
100%
Might get loud on Friday Saturday
100%
Medicate in the afternoon Saturday
100%
She said that I should change my clothes Saturday
100%
I exaggerate the life we used to know Saturday
100%
(Working on music?) Saturday
100%
(I wanna watch "Friends" with you) Saturday
100%
When I get home Shy Away
100%
Don't you shy away Shy Away
100%
Searching for that feeling Shy Away
100%
Just like an "I love you" Shy Away
100%
That isn't words Shy Away
100%
Don't you (shh) Shy Away
100%
'Cause you shed your modesty Shy Away
100%
And leave your skin on the floor Shy Away
100%
Everybody stand in line The Outside
100%
One by one, take a hit, join the club The Outside
100%
Kids will try to take my vibes The Outside
100%
Swimming like a beast The Outside
100%
Underneath they be clinging on The Outside
100%
Meteoric rise, in prehistoric times The Outside
100%
Cogs I'm stepping on The Outside
100%
Switched it up on me, fuel efficiency The Outside
100%
On fumes I am running The Outside
100%
I'm on the outside in the summer heat The Outside
100%
We want you home in one piece now No Chances
91%
And he feels trapped when he's not inebriated Redecorate
91%
Choking on the circumstance Choker
90%
I can die with you Formidable
90%
We will live between them Mulberry Street
90%
Keep sidewalk under your feet Mulberry Street
89%
We spend some weekends on the grind No Chances
89%
Seeing snapshots chronologically in line Redecorate
89%
I'll let my old lady know Bounce Man
88%
Only smoking second hand Choker
88%
I see no volunteers Choker
88%
Get out of our way Mulberry Street
88%
So good to see you Mulberry Street
88%
Get the door to blow you away No Chances
88%
So she ripped them off the mirror, stepped back and she said Redecorate
88%
Life moves slow on the ocean floor Saturday
88%
And the only thing to leave behind is your own skin Shy Away
88%
You can pay the cover charge, I'm in the street The Outside
88%
And my wife saw your face on the nightly news Bounce Man
86%
I know I need to move right now 'cause Choker
86%
Like a silhouette that you can barely see Choker
86%
And I know that we just met Formidable
86%
So I'ma sing my soul, I'ma sing my soul Good Day
86%
There's nothing wrong with this Mulberry Street
86%
To rain on your parade Mulberry Street
86%
Never asked permissions he just hopes that they forgive Redecorate
86%
But of what she might see behind it Redecorate
86%
Then one night she got cold with no blankets on her bed Redecorate
86%
Fair to say he's fairly sedated most days of the week Redecorate
86%
Not a sound on Wednesday Saturday
86%
Lose my sense a time or two Saturday
86%
Like a song he wrote, that's never heard Shy Away
86%
I'm gonna change my circumstance Choker
83%
Someone else can carve it out Choker
83%
And don't ever forget Mulberry Street
83%
And my advice on those two things that I picked up Never Take It
83%
Ride or die, my son No Chances
83%
We paint the town Saturday
83%
(If you feel like you have time to do a song or you're inspired) Saturday
83%
Don't circle the track Shy Away
83%
So I don't fall asleep again The Outside
83%
They're nodding The Outside
83%
Or am I on the outside? The Outside
83%
Oceans feeling like a pond The Outside
83%
We'll never take it Never Take It
82%
You should bounce, bounce, bounce man Bounce Man
80%
I'll sign on the line Choker
80%
But the day goes on the sun moves behind you Choker
80%
And I know you just left Formidable
80%
Low-key Good Day
80%
Would you say you depend on the weather? Good Day
80%
Keep your pills, save your breath Mulberry Street
80%
We're moving sideways Mulberry Street
80%
So move out of our way Mulberry Street
80%
You better educate yourself but never too much Never Take It
80%
Surveillance is outside, we see when you arrive No Chances
80%
Make my people make decisions Redecorate
80%
With the bells and the whistles scaled back Redecorate
80%
I repeat, scaled back and isolated Redecorate
80%
Boy, you better not be there, you're long gone Shy Away
80%
Just break the cycle in half Shy Away
80%
I don't bother anyone Choker
78%
I can feel my saturation leaving me slowly Good Day
78%
Should they keep it on display Redecorate
78%
Blankets over mirrors, she tends to like it Redecorate
78%
I-I-I don't know if you've got your phone Bounce Man
75%
Running away don't make you wrong Bounce Man
75%
Like a little splinter buried in your skin Choker
75%
I can die with you Formidable
75%
When the next one will show, it'll show Good Day
75%
You can have the weekends Mulberry Street
75%
When times aren't the best Mulberry Street
75%
They're asking for a second try Never Take It
75%
We got people on the way No Chances
75%
He collected many things but never quite enough Redecorate
75%
She had plans to change her name Redecorate
75%
(I'll just to go to bed, I'm tired) Saturday
75%
You barely recognize the pictures they put in a frame Shy Away
75%
I've got a long drive, I'll tape my eyes The Outside
75%
Little do they know that they can't touch me The Outside
75%
Nobody's coming for me Choker
73%
I know it's hard to believe me Good Day
73%
I know it's over Choker
71%
You get taller, bolder, stronger Choker
71%
I'm all right Good Day
71%
Lost my job, my wife and child Good Day
71%
Leave us in the rain Mulberry Street
71%
With my shoulders square and my back straight No Chances
71%
Just not the traditional way Redecorate
71%
You better not be there we're placing bets you won't Shy Away
71%
That's never heard Shy Away
71%
I am a Megalodon The Outside
71%
Sooner I can realize that pain is just a middleman Choker
70%
But you should know I might be cynical towards you Formidable
70%
I'm already bored The Outside
70%
Up and down The Outside
70%
I'll listen for a song in the distance Mulberry Street
69%
Come to the house, man Bounce Man
67%
Float you a couple bands Bounce Man
67%
We'll sing one more song Bounce Man
67%
If they come knockin' Bounce Man
67%
Seems like all I'm worth is what I'm able to withstand Choker
67%
But when you've got the pin Choker
67%
Where you'll eventually lay forever Choker
67%
But I just can't believe that I'm for you Formidable
67%
But could you take me everywhere you've ever been? Formidable
67%
I wanna see it all no surprises Formidable
67%
I won't break your heart if you can brеak my spell Formidable
67%
But somehow we played it out in reverse Formidable
67%
I'm afraid of you now, more than I was at first Formidable
67%
Is a buzz and a light, I'll be singing out Good Day
67%
You and I will never take it from 'em Never Take It
67%
The summer I watched the tube I saw enough Never Take It
67%
(There was a wonderful structure to the city) Redecorate
67%
She's not afraid of her reflection Redecorate
67%
He might have made it if he lived on a different street Redecorate
67%
But on Saturday we paint the town Saturday
67%
Manifest a ceiling Shy Away
67%
Singing out The Outside
67%
You got it The Outside
67%
Now that meteor is coming The Outside
67%
Oh boy, what'd you do? Bounce Man
63%
'Cause they keep lying through their fake teeth Never Take It
63%
When you're the treatment facility? Never Take It
63%
Haunted by a couple big mistakes Redecorate
63%
These are my dancing shoes Saturday
63%
If you're running to his room, take a breath before you break-in Redecorate
62%
Then you head to Mexico Bounce Man
60%
Don't matter now, if you need a piece Bounce Man
60%
If you don't reply Bounce Man
60%
I'm just worried my loyalty will bore you Formidable
60%
Keep your sunny days Mulberry Street
60%
In this house, we got feng shui No Chances
60%
Flat on his back but he still heard the directive Redecorate
60%
Orders from that corner where that shadow always lived Redecorate
60%
Tell me can you hear him saying? Redecorate
60%
Keep things fresh Saturday
60%
Thought I would dance with you Saturday
60%
Heads are moving up and down The Outside
60%
Just let me know you're good on your amenities Bounce Man
57%
To co-sign on my fears Choker
57%
(One, two, three, yeah) Mulberry Street
57%
Go a good base and a loose tongue No Chances
57%
(run away, run away) No Chances
57%
Like an isolated track Redecorate
57%
Then the little cogs got together, start a renaissance The Outside
57%
That everybody relies on synthetic highs Mulberry Street
56%
We just wanna feel it all Mulberry Street
56%
Have you lost your footing too? Saturday
56%
Ain't no stoppin' me for you Bounce Man
55%
Tie strings to our hands and feet Mulberry Street
55%
In my house, shoes on a foot race No Chances
54%
I'll know you must have crossed state lines Bounce Man
50%
Cut us open an' spread us out Choker
50%
As a shadow cast upon the ground Choker
50%
But can I take you everywhere we've ever been? Formidable
50%
Broke the news on mom's vacation Good Day
50%
Shoot my life in shoot-'em-up style Good Day
50%
They find someone to prescribe Mulberry Street
50%
How can we seek restitution Never Take It
50%
We get bodies every day No Chances
50%
Wondering what to do Redecorate
50%
I just pray that I'm not losing you Saturday
50%
Catch me floating circles in my fishbowl Saturday
50%
(feeling great) Saturday
50%
Shed your modesty Shy Away
50%
I'm pretty sure I've seen this one before The Outside
46%
Don't know what it was Formidable
44%
Why cure disease of confusion Never Take It
44%
Flamethrower, you're a switchblade No Chances
43%
Feet planted on grip tape No Chances
43%
I'll know you must have crossed state lines Bounce Man
40%
Don't matter now Bounce Man
40%
Homie just sued me Good Day
40%
Keep the truth in quotations Never Take It
40%
Notorious in the octagon, now No Chances
40%
(And it put my cares to rest) Redecorate
40%
(You should just go for it) Saturday
40%
I think that I'm all right Good Day
38%
Weeks feel like days Saturday
38%
Now that they know information Never Take It
33%
Take what you have Shy Away
33%
I'm vibin' The Outside
33%
Oh, but you know me Good Day
29%
I'll break it down Bounce Man
25%
And the rearview only blinds you Choker
25%
Just let me know Formidable
25%
Her favorite movies Good Day
25%
And I just want to know Saturday
25%
You're good Saturday
25%
Did the tide forget to move? Saturday
25%
Put together pieces? No Chances
22%
So long Bounce Man
17%
If you need a piece, I'll break it down Bounce Man
17%
Never know, never know Good Day
17%
And I'm on the edge Mulberry Street
14%
Never make demands Choker
0%
I'll follow you Formidable
0%
Is just a currency and nothing more Never Take It
0%
They say they sell the information in those terms of agreement No Chances
0%
I can't feel the waves anymore Saturday
0%
No matching quizzes found
Score Distribution
Percent of People with Each Score
Percentile by Number Answered
Your Score History
You have not taken this quiz